Актуальные валютно-финансовые проблемы зарубежных стран. Валютно-финансовое положение стран Восточной и Юго-Восточной Европы (Запись № 3865152)

Подробности
000 -МАРКЕР
контрольное поле 02590nas2a22003011i 4500
001 - ИДЕНТИФИКАТОР ЗАПИСИ
контрольное поле RU\NLR\INFOCOMM16\1000007699
005 - ИДЕНТИФИКАТОР ВЕРСИИ
контрольное поле 20240727141628.0
035 ## - ДРУГИЕ СИСТЕМНЫЕ НОМЕРА
Идентификатор записи (NLR Aleph) 002650356
100 ## - ДАННЫЕ ОБЩЕЙ ОБРАБОТКИ
Данные общей обработки 20040106c1984 |||y0rusy50 ca
101 0# - ЯЗЫК РЕСУРСА
Язык текста, звукозаписи и т.д. русский
102 ## - СТРАНА ПУБЛИКАЦИИ ИЛИ ПРОИЗВОДСТВА
Страна публикации Российская Федерация
110 ## - ПОЛЕ КОДИРОВАННЫХ ДАННЫХ: ПРОДОЛЖАЮЩИЕСЯ РЕСУРСЫ
Кодированные данные продолжающегося ресурса zyu||||0|y0
200 1# - ЗАГЛАВИЕ И СВЕДЕНИЯ ОБ ОТВЕТСТВЕННОСТИ
Основное заглавие Валютно-финансовое положение стран Восточной и Юго-Восточной Европы
210 ## - ПУБЛИКАЦИЯ, РАСПРОСТРАНЕНИЕ И ДР.
Место издания, распространения и т.д. М.
Дата издания, распространения и т.д. 1984-
225 0# - СЕРИЯ
Основное заглавие серии Актуальные валютно-финансовые проблемы зарубежных стран
Обозначение тома ...
300 ## - ОБЩИЕ ПРИМЕЧАНИЯ
Текст примечания В надзаг. также: М-во финансов Рос. Федерации
430 #0 - ПРОДОЛЖЕН
Встроенное поле 2001#$aВалютно-финансовое положение стран-членов СЭВ
Заглавие Валютно-финансовое положение стран-членов СЭВ
430 #0 - ПРОДОЛЖЕН
Встроенное поле 2001#$aЭкономическое и валютно-финансовое положение стран-членов СЭВ
Заглавие Экономическое и валютно-финансовое положение стран-членов СЭВ
430 #0 - ПРОДОЛЖЕН
Встроенное поле 2001#$aЭкономическое и валютно-финансовое положение стран-членов СЭВ и СФРЮ
Заглавие Экономическое и валютно-финансовое положение стран-членов СЭВ и СФРЮ
461 #0 - УРОВЕНЬ НАБОРА
Встроенное поле 001RU\NLR\INFOCOMM16\1000487276
-- 2001#$aАктуальные валютно-финансовые проблемы зарубежных стран$fН.-и. фин. ин-т
Системный номер (АБИС) связанной записи 4056565
Место публикации М.
Дата публикации 1983-
Первые сведения об ответственности Н.-и. фин. ин-т
Заглавие Актуальные валютно-финансовые проблемы зарубежных стран
801 #1 - ИСТОЧНИК ЗАПИСИ
Страна Российская Федерация
Организация InfoComm
Дата составления 20040106
801 #0 - ИСТОЧНИК ЗАПИСИ
Страна Российская Федерация
Организация NLR
Правила каталогизации PSBO
852 ## - МЕСТОНАХОЖДЕНИЕ И ШИФР ХРАНЕНИЯ
Идентификатор организации NLR
Шифр хранения (Call Number) П22/5129
942 ## - ДОПОЛНИТЕЛЬНЫЕ ЭЛЕМЕНТЫ ЗАПИСИ (АБИС)
Тип экземпляра АБИС Продолжающееся издание
980 ## - КОЛЛЕКЦИЯ
Название коллекции Русская периодика

Нет доступных экземпляров.